| 000 | 00753nam a22002412 4500 | ||
|---|---|---|---|
| 001 | 0000004010 | ||
| 005 | 20151217145749.0 | ||
| 008 | 070517s xx 000 0 eng d | ||
| 020 | _cKES 383 | ||
| 040 |
_aKABU _cKABU |
||
| 050 | 0 |
_aQA76.6 _b.G87 2001 |
|
| 100 | 1 |
_aGundrao, H. K. _@0000154328 |
|
| 245 | 1 | 0 |
_aComputer technology and computer programming / _cH. K. Gundrao, N. S. Manjunath, M. N. Nachappa. |
| 260 |
_aMumbai : _bHimalaya Publishing House, _c2001. |
||
| 300 | _a358 p. | ||
| 650 | 0 |
_aComputer programming. _@0000148161 |
|
| 650 | 0 |
_aComputers. _@0000153924 |
|
| 700 | 1 |
_aManjunath, N. S. _@0000154329 |
|
| 700 | 1 |
_aNachappa, M. N. _@0000154330 |
|
| 908 | _a070517 | ||
| 950 | _@1 | ||
| 999 |
_c2379 _d2379 |
||